01565nam a2200349 a 450000500170000000800410001702000180005804100080007609200200008410000310010424500620013525000110019726000350020830000220024350001190026565300390038465300890042365300430051265300460055565300250060165300490062665300400067565300500071565300310076565300920079665300300088865300460091870000300096494200120099499900150100695201940102120240412134654.0100927t2015||||ag a f 01 s spa d a9789874577085 aspa c616.89l78sSER1 aSerebrisky, Débora93232 aTrastornos por sustancias.bTabaco / cDebora Serebrisky a1a ed. aBuenos Aires: bSciens;c2015. a144 p.c24x17 cm. aSerebrisky, D. y Muller, F. W. (Col.). (2015). Trastornos por sustancias. Tabaco. (1a ed.). Buenos Aires : Sciens. aNeurofisiopatologia del tabaquismo aEpidemiologia del tabaquismo en poblacion general y en trastornos de la salud mental aEfectos de fumar tabaco sobre la salud aFumar narguille ¿tan nocivo como parece? aCigarrillo electrico aAlteraciones cognitivas en usuario de tabaco aTabaquismo y patologia psiquiatrica aInteracciones del tabaco con otras sustancias aDiagnostico del tabaquismo 3aIntervenciones conductuales en tabaquismo: lo que nadie puede dejar de hacer y algo mas aTratamiento farmacologico aDejar de fumar sin engordar en el intento1 aMuller, Fernando W.93233 2ddccBK c2403d2403 00102ddc4070aBFMbBFMcCRd2017-03-22eDonacion Carlos Garrido, marzo 2017l3m1o616.89 78 SERp3855r2018-08-17s2018-08-10tEj. 1w2017-03-22yBKzDonacion Carlos Garrido, marzo 2017